| 000 | 00405nam a2200157Ia 4500 | ||
|---|---|---|---|
| 005 | 20250701172411.0 | ||
| 008 | 240331s9999 xx 000 0 und d | ||
| 020 | _a955898700X | ||
| 082 |
_bGAL _a800 |
||
| 100 | _aGalappaththi,A | ||
| 245 | 0 | _aLankeeya cinamawe sakman maluwa | |
| 260 |
_aColombo _bCeylon Theatres Company Limited _c2003 |
||
| 300 | _a94 p ., | ||
| 650 | _aSri Lankan Cinema | ||
| 942 | _cL | ||
| 999 |
_c5166 _d5166 |
||